00520 2200169 4500001002100000005001500021007000300036008004100039020002200080035002000102082001000122084001600132100002100148245010300169260003400272300004400306INLIS00000000000033020240205085331ta240205 g 0 ind  a978-602-344-281-2 a0010-0224000004 a631.5 a631.5 HAR b0 aHaris Syahbuddin1 aBukti Nyata Peningkatan Indeks Pertanaman :bFondasi Lumbung Pangan Masa Depan /cHaris Syahbuddin aJakarta :bIAARD Press,c2020 axii, 217 hlm, :bilus, ;c17 cm x 24 cm